| 000 | 00632nam a2200217Ia 4500 | ||
|---|---|---|---|
| 999 |
_c41199 _d41199 |
||
| 001 | 7851 | ||
| 003 | GE_BSU | ||
| 005 | 20221116110421.0 | ||
| 008 | 181216s2008ge xx |||||||||||||| ||ger|| | ||
| 020 | _a9783195516976 x | ||
| 040 | _cGE_BSU | ||
| 041 | _ager | ||
| 080 | _a811.11(075.8) P-43 | ||
| 100 |
_aPermann-Balme, Michaela _914836 |
||
| 245 |
_aEm neu. Abschlusskurs : _bDeutsch als Fremdsprache- Niveaustufe C1 / _cBalme- Permann Michaela |
||
| 264 |
_aHueber-Verlag, _c2008. |
||
| 300 |
_a120 p.: _bIll; _c28 cm. |
||
| 653 | _aEm neu. Abschlusskurs | ||
| 653 | _aგერმანული ენა | ||
| 942 |
_cBK _2udc |
||